000 00352 a2200157 4500
001 160726
020 _a85-7308-015-9
040 _cMagnum
100 _aMagalhães, Antônio Sérgio Palombo de
240 1 0 _aPalhinhas de amor
_lpor
245 1 0 _aPalhinhas de amor
300 _a20
362 0 _a1994
697 _aLITERATURA INFANTO
942 _cBK
999 _c160726
_d160726